Statistics for JetPunk Quiz Making Steps

Click here to take the quiz!

General Stats

  • This quiz has been taken 7 times
  • The average score is 6 of 7

Answer Stats

Type Answer % Correct
TextAnswers
100%
Text, PictureType-Ins
100%
Text, Picture, Multiple Choice, Tile SelectSubmit
100%
Text, Picture, Multiple Choice, Tile SelectPreview
83%
Picture, Multiple Choice, Tile SelectDesign Quiz
83%
TextQuiz Options
67%
TextDesign Grid
50%

Score Distribution

Percentile by Number Answered

Percent of People with Each Score

Your Score History

You have not taken this quiz